000 00371nam a2200133Ia 4500
008 150202s9999 xx 000 0 und d
020 _a671604082
050 _aFIC
_bFIC
100 _aArcher, Jeffrey.
245 2 _aA quiver full of arrows /
_cJeffery Archer.
260 _aGreat Britain :
_bPocket Books,
_c1980.
300 _a189 pages :
_c18 cm.
650 _aFiction.
999 _c281832
_d281832